00492 2200193 4500001002100000005001500021035002000036245005100056100001500107250000600122300003500128260003700163082001000200084001600210020002200226650001600248990001700264990001700281INLIS00000000000033720181005042612 a0010-10180000271 aBelajar Asyik Bahasa Arab Seri A /cUwes Qorny0 aUwes Qorny a- aiv, 58 hlm. :bilus. ;c25 cm. aBekasi :bCV Ananda Baika,c2009 a492.7 a492.7 UWE b a978-979-049-121-2 aBahasa Arab a01374/P/2018 a01375/P/2018